La maté porque era mía! (Record no. 114986)

MARC details
000 -LEADER
campo de control de longitud fija 00912nam a2200241 i 4500
001 - NÚMERO DE CONTROL
campo de control 114986
003 - IDENTIFICADOR DE NÚMERO DE CONTROL
campo de control ES-MaACL
005 - FECHA Y HORA DE LA ÚLTIMA TRANSACCIÓN
campo de control 20230906190312.0
007 - CAMPO FIJO DE DESCRIPCIÓN FÍSICA--INFORMACIÓN GENERAL
campo de control de longitud fija t|
008 - DATOS DE LONGITUD FIJA--INFORMACIÓN GENERAL
campo de control de longitud fija 070214s1932 sp ||||1| spa d
080 ## - NÚMERO DE LA CLASIFICACIÓN DECIMAL UNIVERSAL
Número de la Clasificación Decimal Universal 860-22"19"
100 1# - ENTRADA PRINCIPAL--NOMBRE DE PERSONA
Nombre de persona Ramos de Castro, Francisco.
9 (RLIN) 95304
245 13 - MENCIÓN DEL TÍTULO
Título La maté porque era mía!
Resto del título : drama para reir, en un prologuillo y tres actos, en prosa. Original /
Mención de responsabilidad, etc. Francisco Ramos de Castro ; dibujos de Antonio Merlo.
260 ## - PUBLICACIÓN, DISTRIBUCIÓN, ETC.
Lugar de publicación, distribución, etc. Madrid :
Nombre del editor, distribuidor, etc. Rivadeneyra,
Fecha de publicación, distribución, etc. 1932.
300 ## - DESCRIPCIÓN FÍSICA
Extensión 67 p. :
Otras características físicas il. ;
Dimensiones 17 cm.
490 1# - MENCIÓN DE SERIE
Mención de serie La Farsa ;
Designación de volumen o secuencia 242
500 ## - NOTA GENERAL
Nota general Estrenada el día 26 de marzo de 1932 en el Teatro Victoria, de Madrid.
500 ## - NOTA GENERAL
Nota general Cubierta de este número: Aurora Redondo y Valeriano León en una escena de La maté porque era mía!
700 1# - ENTRADA AGREGADA--NOMBRE PERSONAL
Nombre de persona Merlo, Antonio.
9 (RLIN) 80579
830 0# - PUNTO DE ACCESO ADICIONAL DE SERIE-TÍTULO UNIFORME
Título uniforme La Farsa ;
Designación de volumen o secuencia 242
9 (RLIN) 185863
852 ## - LOCALIZACIÓN
Ubicación ES-MaACL
Número de control de estantería C-13217
Holdings
Estatus retirado Estado de pérdida Estado de daño No para préstamo Biblioteca de origen Biblioteca actual Ubicación en estantería Fecha de adquisición Fuente de adquisición Total de préstamos Signatura topográfica completa Código de barras Visto por última vez Precio de reemplazo Tipo de ítem Koha
        Biblioteca del Ateneo de Madrid Biblioteca del Ateneo de Madrid Sala Palomar 17/01/2008     C-13217 1119907 23/02/2023 23/02/2023 Libro impreso